000 00935nam a2200229 a 4500
001 830
005 20221127090030.0
008 050920s lsu a | 00000|ara d
020 _z9960245438 :
_cرس 75.00
035 _a843
082 0 4 _a658.4013
_bك805
100 1 _aكيلادا، جوزيف.
245 1 0 _aتكامل اعادة الهندسة مع ادارة الجودة الشاملة /
_cتاليف جوزيف كيلادا ؛ تعريب سرور علي سرور.
260 _aالرياض :
_bدار المريخ،
_c2004.
300 _a620 ص. :
_bايض. ؛
_c24 سم.
500 _aترجمة لكتاب : Integrating reengineering with total quality / Joseph Kelada.
500 _aباخره مسرد مصطلحات.
650 4 _aالمواصفات القياسية.
650 4 _aضبط الجودة.
650 4 _aالادارة الصناعية.
700 0 _aسرور، سرور على ابراهيم،
_eمترجم.
999 _c830
_d830